000 01010cam a2200301 a 4500
999 _c126177
_d126177
001 3848103
003 ARRUPE
005 20170222124902.0
008 870831s1986 enk 000 0 eng
010 _a 87170710
020 _a0946848637 (pbk.) :
_c£0.50
040 _aDLC
_cDLC
_dDLC
041 1 _aengpor
043 _ae------
_acl-----
050 0 0 _aBR735
_b.B64 1986
082 0 0 _a274/.0828
_219
100 1 _aBoff, Clodovis.
_913527
245 1 4 _aThe way forward for the First World church /
_cClodovis Boff.
260 _aLondon :
_bCatholic Institute for International Relations,
_c1986.
300 _a14 p. ;
_c21 cm.
440 0 _aThird World theology
_928950
500 _a"Translated from the Portuguese version published in Libertar, Lisbon (April)"--Verso t.p.
650 0 _aLiberation Theology
_928951
906 _a7
_bcbc
_corignew
_d3
_encip
_f19
_gy-gencatlg
942 _2lcc
_cMONOGRAPH